000 00627nam a22002177a 4500
999 _c5841
_d5841
003 AR-CdUCM
008 190313b ||||| |||| 00| 0 spa d
040 _aMUNICIPALIDAD PROVINCIAL DEL CUSCO
_cBIBLIOTECA MUNICIPAL DEL CUSCO
082 _a869.56 /
_bAY93
100 _aAyala, Jose Luis
_95471
245 _aViaje de la Ternura /
260 _aArequipa :
_bRosas,
_c1966.
300 _a15 paginas ;
_c22cm.
500 _aDatos de la cubierta Poesias
650 _aPoesias Peruanas
_917282
650 _aSiglo XX
_98
650 _aLiteratura
_983
650 _aRomanticismo
_9518
942 _2ddc
_cLIBROS
945 _apjha